| 000 | 00761nam a2200217Ia 4500 | ||
|---|---|---|---|
| 003 | GCL | ||
| 008 | 140319s9999 xx 000 0 ara d | ||
| 040 |
_aGCL / _cGCL |
||
| 082 | 0 | 4 |
_a330.966 _bهـ ت |
| 100 | 1 | _aاحمد فؤاد بلبع | |
| 245 | 1 | 0 |
_aالتاريخ الاقتصادى الافريقيا الغربية / _cاحمد فؤاد بلبع |
| 700 | 1 | _aمحمد عبدالغنى سعودى | |
| 700 | 1 | _aهوبكنز,ا . ج | |
| 300 | _a647 ص | ||
| 490 |
_aالمشروع القومى للترجمة _v0 |
||
| 650 | 0 | 4 | _aالاقتصاد |
| 650 | 0 | 4 | _aالاقتصاد - تاريخ |
| 650 | 0 | 4 | _aافريقيا - الاحوال الاقتصادية |
| 650 | 0 | 4 | _aالاقتصاد - الاحوال الاقتصادية |
| 942 |
_2ddc _cBK |
||
| 999 |
_c52122 _d52122 |
||